<?xml version="1.0" encoding="UTF-8"?>
<collection xmlns="http://www.loc.gov/MARC21/slim">
 <record>
  <leader>01761nam a2200349   4500</leader>
  <controlfield tag="001">DLU200194392</controlfield>
  <controlfield tag="005">##20200121</controlfield>
  <datafield tag="020" ind1="#" ind2="#">
   <subfield code="a">9786047916146</subfield>
  </datafield>
  <datafield tag="040" ind1="#" ind2="#">
   <subfield code="a">DLU</subfield>
   <subfield code="b">vie</subfield>
  </datafield>
  <datafield tag="041" ind1="#" ind2="#">
   <subfield code="a">vie</subfield>
  </datafield>
  <datafield tag="044" ind1="#" ind2="#">
   <subfield code="a">vn</subfield>
  </datafield>
  <datafield tag="082" ind1="#" ind2="#">
   <subfield code="a">336.2</subfield>
   <subfield code="b">TR-D</subfield>
  </datafield>
  <datafield tag="100" ind1="#" ind2="#">
   <subfield code="a">Trần Mạnh Dũng,</subfield>
   <subfield code="c">PGS.TS.</subfield>
  </datafield>
  <datafield tag="245" ind1="#" ind2="#">
   <subfield code="a">Thuế và kế toán thuế trong doanh nghiệp nhỏ và vừa :</subfield>
   <subfield code="b">Lý thuyết, thực hành và giải pháp thuế (Theo thông tư 133/2016/TT-BTC ngày 26/8/2016 của Bộ Tài chính áp dụng từ 01/01/2017) /</subfield>
   <subfield code="c">Trần Mạnh Dũng, Hà Thị Thúy Vân, Vũ Thị Kim Anh.</subfield>
  </datafield>
  <datafield tag="260" ind1="#" ind2="#">
   <subfield code="a">H. :</subfield>
   <subfield code="b">Tài chính,</subfield>
   <subfield code="c">2017.</subfield>
  </datafield>
  <datafield tag="300" ind1="#" ind2="#">
   <subfield code="a">615 tr. ;</subfield>
   <subfield code="c">24 cm.</subfield>
  </datafield>
  <datafield tag="504" ind1="#" ind2="#">
   <subfield code="a">Tài liệu tham khảo: tr. 615.</subfield>
  </datafield>
  <datafield tag="505" ind1="#" ind2="#">
   <subfield code="a">Chương 1. Tổng quan về kế toán và thuế trong doanh nghiệp nhỏ và vừa -- Chương 2. Thuế giá trị gia tăng và kế toán nghiệp vụ mua - bán hàng hóa trong doanh nghiệp nhỏ và vừa -- Chương 3. Thuế xuất nhập khẩu và kế toán nghiệp vụ xuất nhập khẩu hàng hóa -- Chương 4. Kế toán tiền lương và thuế thu nhập cá nhân -- Chương 5. Thuế và kế toán các loại thuế, phí, lệ phí -- Chương 6. Kế toán lợi nhuận và thuế thu nhập doanh nghiệp -- Chương 7. Chi phí tuân thủ thuế và giải pháp tiết kiệm chi phí tuân thủ thuế tại các doanh nghiệp nhỏ và vừa.</subfield>
  </datafield>
  <datafield tag="650" ind1="#" ind2="#">
   <subfield code="a">Thuế.</subfield>
  </datafield>
  <datafield tag="700" ind1="#" ind2="#">
   <subfield code="a">Hà Thị Thúy Vân,</subfield>
   <subfield code="c">TS.</subfield>
  </datafield>
  <datafield tag="700" ind1="#" ind2="#">
   <subfield code="a">Vũ Thị Kim Anh,</subfield>
   <subfield code="c">TS.</subfield>
  </datafield>
  <datafield tag="923" ind1="#" ind2="#">
   <subfield code="a">07/2019</subfield>
  </datafield>
  <datafield tag="991" ind1="#" ind2="#">
   <subfield code="a">SH</subfield>
  </datafield>
  <datafield tag="992" ind1="#" ind2="#">
   <subfield code="a">215000</subfield>
  </datafield>
  <datafield tag="994" ind1="#" ind2="#">
   <subfield code="a">DLU</subfield>
  </datafield>
  <datafield tag="900" ind1="#" ind2="#">
   <subfield code="a">True</subfield>
  </datafield>
  <datafield tag="911" ind1="#" ind2="#">
   <subfield code="a">Nguyễn Thanh Hương</subfield>
  </datafield>
  <datafield tag="925" ind1="#" ind2="#">
   <subfield code="a">G</subfield>
  </datafield>
  <datafield tag="926" ind1="#" ind2="#">
   <subfield code="a">A</subfield>
  </datafield>
  <datafield tag="927" ind1="#" ind2="#">
   <subfield code="a">SH</subfield>
  </datafield>
  <datafield tag="980" ind1="#" ind2="#">
   <subfield code="a">Thư viện Trường Đại học Đà Lạt</subfield>
  </datafield>
 </record>
</collection>
